000 00298nam a22001337a 4500
008 181203b xxu||||| |||| 00| 0 eng d
020 _a9780061689093
041 _aeng
080 _a510
100 _a36
101 _aMAT
245 _aThe Cartoon Guide to Calculus
_cGonick.L
942 _2udc
_cBK
999 _c52701
_d52701